<?xml version="1.0" encoding="UTF-8"?><?xml-stylesheet type="text/xsl" href="static/style.xsl"?><OAI-PMH xmlns="http://www.openarchives.org/OAI/2.0/" xmlns:xsi="http://www.w3.org/2001/XMLSchema-instance" xsi:schemaLocation="http://www.openarchives.org/OAI/2.0/ http://www.openarchives.org/OAI/2.0/OAI-PMH.xsd"><responseDate>2026-06-06T00:52:41Z</responseDate><request verb="GetRecord" identifier="oai:riuma.uma.es:10630/3658" metadataPrefix="marc">https://riuma.uma.es/rest/oai/request</request><GetRecord><record><header><identifier>oai:riuma.uma.es:10630/3658</identifier><datestamp>2026-02-03T12:48:39Z</datestamp><setSpec>com_10630_27</setSpec><setSpec>com_10630_3139</setSpec><setSpec>com_10630_10</setSpec><setSpec>col_10630_554</setSpec></header><metadata><record xmlns="http://www.loc.gov/MARC21/slim" xmlns:dcterms="http://purl.org/dc/terms/" xmlns:doc="http://www.lyncode.com/xoai" xmlns:xsi="http://www.w3.org/2001/XMLSchema-instance" xsi:schemaLocation="http://www.loc.gov/MARC21/slim http://www.loc.gov/standards/marcxml/schema/MARC21slim.xsd">
   <leader>00925njm 22002777a 4500</leader>
   <datafield ind2=" " ind1=" " tag="042">
      <subfield code="a">dc</subfield>
   </datafield>
   <datafield ind2=" " ind1=" " tag="720">
      <subfield code="a">Sergio, C.</subfield>
      <subfield code="e">author</subfield>
   </datafield>
   <datafield ind2=" " ind1=" " tag="260">
      <subfield code="c">1982</subfield>
   </datafield>
   <datafield ind2=" " ind1=" " tag="520">
      <subfield code="a">Na Península Ibérica, o género Ephemerum está representado por quatro espécies. Deve tratar-se de um taxon bastante mais vulgar do que se admite, quando se tem em conta as referências existentes até ao presente. Casares-Gil (1915) não o referiu para a flora espanhola, e, até este momento, só era conhecida uma colheita em Portugal, efectuada no século passado (Welwitsch 1842).Neste trabalho são apresentadas descrições, alguns dados morfológicos, ecológicos e biogeográficos, bem como a distribuição de cada espécie na Península.</subfield>
   </datafield>
   <datafield ind2=" " ind1=" " tag="520">
      <subfield code="a">In the Iberian Peninsula the genus Ephemerum is represented by four species. It should be considered a rather more common genus than is usually admitted, when all the references which exist up to the present are taken into account. Casares Gil (1915) makes no reference to it for Spanish flora and, up to the present time, only one gathering was known, carried out in Portugal in the 19th century (Welwitsch 1842).Presented in this work are descriptions, some morphological, ecological and phytogeographical information, as well as the distribution of each species throughout the Peninsula.</subfield>
   </datafield>
   <datafield ind1="8" ind2=" " tag="024">
      <subfield code="a">Acta Botánica Malacitana, Nº 7&#xd;
, 1982, Págs. 87&#xd;
-96</subfield>
   </datafield>
   <datafield ind1="8" ind2=" " tag="024">
      <subfield code="a">02109506</subfield>
   </datafield>
   <datafield ind1="8" ind2=" " tag="024">
      <subfield code="a">http://hdl.handle.net/10630/3658</subfield>
   </datafield>
   <datafield ind2="0" ind1="0" tag="245">
      <subfield code="a">Contribução para o conhecimento do genero "Ephemerum" hampe na Península Ibérica</subfield>
   </datafield>
</record>
</metadata></record></GetRecord></OAI-PMH>